000 01043nmc a2200349 a 4500
003 AR-BaBNM
005 20251128210859.0
008 131020s1999 ||||||||||||||000 | spa||
020 _a968-853-414-5
040 _cAR-BaBNM
100 1 _aFierro, Cecilia
245 1 0 _aTransformando la práctica docente
_buna propuesta basada en la investigación-acción
250 _a1ª ed.
260 _aMéxico, D.F.
_bPaidós
_c1999
300 0 _a247 p.
_btablas
490 0 _aMaestros y enseñanza
_vv. 3
500 0 _aContiene referencias bibliográficas
650 4 _aFORMACION DE DOCENTES
650 4 _aPRACTICA DOCENTE
650 4 _aMETODOS DE FORMACION
650 4 _aPROGRAMAS DE FORMACION
650 4 _aPLAN DE INVESTIGACION
653 _aINVESTIGACION ACCION
653 _aEXPERIENCIAS EDUCATIVAS
653 _aREFLEXION SOBRE LA PRACTICA
653 _aINVESTIGACION EDUCATIVA
700 1 _aFortoul, Bertha
700 1 _aRosas, Lesvia
800 1 _aAlvarez Manilla, Laura
_edirector
942 _cBK
998 _cRAQUEL
999 _c17286
_d17286